000 00822nam a22002417a 4500
003 DO-SdBNP
005 20240905110948.0
008 161129b2007 sp a 00| 0 spa d
040 _aBPMSU
_bspa
_cBPMSU
082 4 _a808.83
_bB638s 2007
_222
245 0 0 _aBlancanieves y los siete enanitos
260 _aBarcelona :
_bDisney Enterprises,
_c2007
300 _a46 p. :
_bil.,;
_c28 cm.
490 0 _a Biblioteca infantil, El mundo ;
_aTodos los cuentos clásicos,
_v 1
590 _aInventariado, 23024/VM
600 1 4 _aGrimm, Wilhelm Karl
_d1786-1859
_tBlancanieves y los siete enanitos
_vAdaptaciones
650 4 _aCuentos infantiles
_vColecciones
650 4 _aLibros ilustrados para niños
650 4 _aAdaptaciones.
_vCómics
710 2 _aDisney
910 _aVMateo V. Control de calidad. BPMSU
942 _2ddc
_cBK
999 _c12151
_d12151